<?xml version="1.0" encoding="UTF-8"?>
<record
    xmlns:xsi="http://www.w3.org/2001/XMLSchema-instance"
    xsi:schemaLocation="http://www.loc.gov/MARC21/slim http://www.loc.gov/standards/marcxml/schema/MARC21slim.xsd"
    xmlns="http://www.loc.gov/MARC21/slim">

  <leader>01233nab a2200229uuc4500</leader>
  <controlfield tag="001">973604</controlfield>
  <controlfield tag="005">20240917090241.0</controlfield>
  <controlfield tag="008">060505s2004                        spa  </controlfield>
  <datafield tag="035" ind1=" " ind2=" ">
    <subfield code="a">973604</subfield>
  </datafield>
  <datafield tag="035" ind1=" " ind2=" ">
    <subfield code="a">(OCoLC)820349126</subfield>
  </datafield>
  <datafield tag="040" ind1=" " ind2=" ">
    <subfield code="c">comduadb</subfield>
  </datafield>
  <datafield tag="041" ind1=" " ind2=" ">
    <subfield code="a">spa</subfield>
  </datafield>
  <datafield tag="100" ind1="1" ind2="0">
    <subfield code="a">Machado Cartagena, Absal&#xF3;n,</subfield>
    <subfield code="d">1941-</subfield>
    <subfield code="4">aut</subfield>
    <subfield code="0">(isni)0000 0000 8401 109X</subfield>
    <subfield code="0">(viaf)93458405</subfield>
    <subfield code="e">aut</subfield>
    <subfield code="9">241429</subfield>
  </datafield>
  <datafield tag="245" ind1="1" ind2="0">
    <subfield code="a">Academia, actores sociales y pol&#xED;ticas p&#xFA;blicas en el sector rural</subfield>
  </datafield>
  <datafield tag="260" ind1=" " ind2=" ">
    <subfield code="c">2004.</subfield>
  </datafield>
  <datafield tag="520" ind1="3" ind2=" ">
    <subfield code="a">Un an&#xE1;lisis sobre el modo en que las ciencias sociales, y en particular la econom&#xED;a, han enfrentado el problema rural y acompa&#xF1;ado las transformaciones del pa&#xED;s y del sector. En particular se analiz&#xF3; el estado de discusi&#xF3;n y comprensi&#xF3;n del problema agrario y rural; la incidencia del trabajo acad&#xE9;mico sobre el dise&#xF1;o de pol&#xED;ticas p&#xFA;blicas, y la visi&#xF3;n de los actores sociales sobre el trabajo de la academia.</subfield>
  </datafield>
  <datafield tag="650" ind1=" " ind2=" ">
    <subfield code="a">Sector rural - Colombia</subfield>
    <subfield code="9">131914</subfield>
  </datafield>
  <datafield tag="650" ind1=" " ind2="7">
    <subfield code="a">Desarrollo rural</subfield>
    <subfield code="z">Colombia</subfield>
    <subfield code="2">lemb</subfield>
    <subfield code="9">151652</subfield>
  </datafield>
  <datafield tag="650" ind1=" " ind2="7">
    <subfield code="a">Pol&#xED;ticas p&#xFA;blicas</subfield>
    <subfield code="z">Colombia</subfield>
    <subfield code="2">embne</subfield>
    <subfield code="9">69197</subfield>
  </datafield>
  <datafield tag="773" ind1="0" ind2=" ">
    <subfield code="t">Colombia : Ciencia y Tecnolog&#xED;a (Bogot&#xE1;)</subfield>
    <subfield code="g">Vol. 22, No. 04, Oct.-Dic. 2004, p. 37-43</subfield>
    <subfield code="w">99835</subfield>
    <subfield code="x">0120-5595</subfield>
    <subfield code="0">92033</subfield>
  </datafield>
  <datafield tag="942" ind1=" " ind2=" ">
    <subfield code="c">ARIMP</subfield>
  </datafield>
  <datafield tag="999" ind1=" " ind2=" ">
    <subfield code="c">382829</subfield>
    <subfield code="d">382829</subfield>
  </datafield>
</record>
